000 00531nam a2200181Ia 4500
008 100920s9999 xx 000 0 und d
082 _b66754
_a891.461 थ 89
100 _aसंपा.-कुलकर्णी आनंद.
245 _aफुलोरा.
260 _bसाहित्यधारा प्रकाशन.
_c1989
300 _a54
_bसाधी
365 _b15
520 _aपदय.
630 _aफुलोरा.
650 _aपदय.
730 _aफुलोरा.
942 _cBOOK
999 _c709318
_d709315